Statistiken für Die sechs nächstgelegenen Länder - Jemen

Klicken Sie hier um das Quiz zu spielen!

Allgemein

  • Dieses Quiz wurde 45 mal gespielt
  • Das Durchschnittsergebnis liegt bei 5 aus 6

Antwortstatistiken

kmLand% Korrekt
0Saudi-Arabien
100%
0Oman
93%
133Somalia
71%
29Eritrea
69%
109Äthiopien
67%
20Dschibuti
64%

Verteilung der Resultate

Perzentil nach korrekt beantworteten Fragen

Anzahl Personen mit jedem Resultat

Ihre Resultats-Entwicklung

Sie haben dieses Quiz noch nicht gespielt